Phấn đấu đưa nước ta cơ bản trở thành một nước công nghiệp theo hướng hiện đại vào năm 2020 /
Shranjeno v:
| Drugi avtorji: | |
|---|---|
| Format: | Sách giấy |
| Jezik: | Vietnamese |
| Izdano: |
H. :
Chính trị Quốc gia,
2007.
|
| Teme: | |
| Oznake: |
Označite
Brez oznak, prvi označite!
|
| Thư viện lưu trữ: | Thư viện Trường Đại học Đà Lạt |
|---|
| LEADER | 00831nam a2200289 4500 | ||
|---|---|---|---|
| 001 | DLU080061615 | ||
| 005 | ##20080103 | ||
| 040 | # | # | |a DLU |b vie |
| 041 | # | # | |a vie |
| 044 | # | # | |a vn |
| 082 | # | # | |a 338.959 7 |b Pha |
| 245 | # | # | |a Phấn đấu đưa nước ta cơ bản trở thành một nước công nghiệp theo hướng hiện đại vào năm 2020 / |c Nguyễn Văn Đặng chủ biên. |
| 260 | # | # | |a H. : |b Chính trị Quốc gia, |c 2007. |
| 300 | # | # | |a 763 tr. ; |c 24 cm. |
| 653 | # | # | |a Chính sách nhà nước |
| 653 | # | # | |a Phát triển kinh tế |
| 700 | # | # | |a Nguyễn Văn Đặng, |e chủ biên. |
| 923 | # | # | |a 24/2007 |
| 992 | # | # | |a 100000 |
| 994 | # | # | |a DLU |
| 900 | # | # | |a True |
| 911 | # | # | |a Nguyễn Thanh Hương |
| 925 | # | # | |a G |
| 926 | # | # | |a A |
| 927 | # | # | |a SH |
| 980 | # | # | |a Thư viện Trường Đại học Đà Lạt |